| 000 | 00886nam a2200265 a 4500 | ||
|---|---|---|---|
| 001 | BRL_1015 | ||
| 005 | 20190320211009.0 | ||
| 008 | 311013s1975----mx-a######---#000-0#spa-# | ||
| 041 | _aspa | ||
| 044 | _amx | ||
| 050 | 4 |
_aF1221.T9 _b.A75 1975 |
|
| 100 | 1 |
_aArias, Jacinto _925580 |
|
| 245 | 1 | 0 |
_aEl mundo numinoso de los mayas _bestructura y cambios contempotáneos _cJacinto Arias : Traducción de Jorge Ferreiro Santana. |
| 260 |
_aMéxico _bSecretaría de Educación Pública _c1975 |
||
| 300 |
_a146 p. _bil. _c17 cm. |
||
| 440 | 0 |
_aSepsetentas _v188 _922717 |
|
| 500 | _aAu1122 | ||
| 504 | _aBibliografía: p. 139-143 | ||
| 650 | 1 | 4 |
_aTzotziles _xCondiciones sociales _925581 |
| 650 | 1 | 4 |
_aTzeltales _xCondiciones sociales _925582 |
| 650 | 1 | 4 |
_aAculturación _xEstudio de casos _zMéxico _925583 |
| 700 | 1 |
_aFerreiro Santana, Jorge _etr. _925584 |
|
| 902 | _aGRL | ||
| 942 |
_2lcc _cB |
||
| 999 |
_c9827 _d9827 |
||